Regions of Ancient Anatolia - Statistics

General Stats
  • This quiz has been taken 566 times
  • The average score is 8 of 17
Answers on the Map
Answers color-coded by a green-red scale on the quiz's map according to % correct below.
 
Answer Stats
Answer % Correct
Lydia
83%
Cappadocia
71%
Pontus
67%
Cilicia
60%
Lycia
57%
Bithynia
55%
Galatia
55%
Mysia
55%
Lesser Armenia
52%
Phrygia
47%
Caria
40%
Paphlagonia
35%
Pisidia
28%
Pamphylia
26%
Isauria
19%
Lycaonia
18%
Cabalia
1%
No matching quizzes found
Score Distribution
Percent of People with Each Score
Percentile by Number Answered
Your Score History
You have not taken this quiz